| 000 | 00720nam a2200253 a 4500 | ||
|---|---|---|---|
| 001 | 79858 | ||
| 003 | BD-RjUL | ||
| 005 | 20221220124256.0 | ||
| 008 | 080324m1968 is 000 0 eng d | ||
| 035 | _a(BD-RjUL) 79858 | ||
| 040 |
_aNNL _beng _cBD-RjUL |
||
| 041 |
_aeng _aara |
||
| 082 |
_223 _a892.75 _bKAA 1968 |
||
| 100 | 1 |
_aKapliwatzky, Jochanan _93208 |
|
| 245 | 1 | 0 |
_aArabic language and grammar / _cby Jochanan Kapliwatzky. |
| 250 | _a4th ed. | ||
| 260 |
_aJerusalem : _bR. Mass, _c1958 |
||
| 300 |
_a v ; _c22 cm. |
||
| 500 | _aAdded t.-p. in Arabic: | ||
| 500 | _aاللغة العربية وقواعدها | ||
| 505 | _aVol. 3.--v.4.-- | ||
| 650 | 4 |
_aArabic language _vTextbooks _93209 |
|
| 942 |
_2ddc _cBK |
||
| 999 |
_c79858 _d79858 |
||